The graphic arts ; modern men and modern methods /

Bibliographic Details
Main Author: Pennell, Joseph, 1857-1926
Format: Book
Language:English
Published: Chicago, Ill. : Published for the Art Institute of Chicago by the University of Chicago Press, [1921]
Subjects:

MARC

Tag First Indicator Second Indicator Subfields
LEADER 00000cam a2200000 4500
001 in00000200098
005 20151009052639.0
008 750905s1921 ilu 00010 eng
010 |a  21020516  
035 |a (OCoLC)01599882 
035 |9 AAW1478AM 
040 |a DLC  |c MIA  |d TXA  |d UtOrBLW 
049 |a TXAM  |c 1 [258934]  |c 2 [258935] 
050 0 0 |a NC710  |b .P4 
100 1 |a Pennell, Joseph,  |d 1857-1926. 
245 1 4 |a The graphic arts ;  |b modern men and modern methods /  |c by Joseph Pennell. The Scammon lectures for 1920. 
264 1 |a Chicago, Ill. :  |b Published for the Art Institute of Chicago by the University of Chicago Press,  |c [1921] 
264 4 |c [©1921] 
300 |a xvi, 315 pages including illustrations, plates, ports., facsims. ;  |c 25 cm. 
336 |a text  |b txt  |2 rdacontent 
337 |a unmediated  |b n  |2 rdamedia 
338 |a volume  |b nc  |2 rdacarrier 
650 0 |a Illustration of books. 
650 0 |a Etching. 
650 0 |a Etchers. 
650 0 |a Lithography. 
650 0 |a Lithographers. 
999 |a MARS 
999 f f |s 0913f7bf-be26-3e10-b9a4-08448a8708f9  |i fcd1641a-700e-3789-a05a-d16b96cf7ddf  |t 0 
952 f f |p storage  |a Texas A&M University  |b J.J. Pickle Campus  |c High Density Repository  |d Remote Storage  |t 0  |e NC710 .P4  |h Library of Congress classification  |i unmediated -- volume  |m A14803462193 
952 f f |p normal  |a Texas A&M University  |b College Station  |c Sterling C. Evans Library  |d Evans: Library Stacks  |t 0  |e NC710 .P4  |h Library of Congress classification  |i unmediated -- volume  |m A14803462208 
998 f f |a NC710 .P4  |t 0  |l Remote Storage 
998 f f |a NC710 .P4  |t 0  |l Evans: Library Stacks